00474 a2200133 4500003000500000005001700005040000900022082001200031100002400043245004900067260002700116300001700143505018000160Nust20230224121434.0 cNust a158,STO aG.F. Stout M.A Camb aManual of Phychology / cG.F. Stout M.A Camb alondonbW..Clivec1915 axvii,769 p.; aIntroduction (Page-1), Book I General Analysis (Page-102), Book II Sensation (Page-208), Book III Perception (Page-334), Book IV Ideational and Conceptual Process (Page-528).